000
00248nam a2200097Ia 4500
082
_a
LP EF JAME
245
0
_a
It's the little things
100
_a
JAMES, Erica Bath, 2009
_9
95470
942
_c
BK
008
210817s9999 xx 000 0 und d
999
_c
396150
_d
396149